| 000 | 04414cam a22005177a 4500 | ||
|---|---|---|---|
| 003 | CUTN | ||
| 005 | 20250226174144.0 | ||
| 008 | 130610s2014 ii ab b 000 0 eng d | ||
| 020 | _a9788132239901 | ||
| 020 | _z9788132212751 (ebook) | ||
| 041 | _aEnglish | ||
| 042 | _alccopycat | ||
| 082 | 0 | 4 |
_a658.408 _223 _bSHA |
| 100 | 1 | _aShah, Shashank, | |
| 100 | 1 | _eauthor. | |
| 245 | 1 | 0 |
_aSoulful corporations : _ba values-based perspective on corporate social responsibility / _cShashank Shah, V.E. Ramamoorthy. |
| 260 |
_aNew Delhi : _bSpringer, _c2024. |
||
| 300 |
_alxvi, 608 pages : _billustrations, maps ; _c24 cm. |
||
| 490 | 1 | _aIndia studies in business and economics | |
| 504 | _aIncludes bibliographical references (pages 601-608). | ||
| 505 | 0 | _aThe world today: Paradoxes galore -- Corporate misdemeanour: the business of business is business? -- Redefining globalisation: is a better world possible? -- Coping with globalisation: a quarter century of efforts -- Business responsibility through the ages: a journey from scriptural insights, with noble philanthropists, to committed institutions and leaders -- corporate social responsibility: can companies make a difference? -- Corporate social responsibility: the Indian story comes a full circle -- Corporate citizenship: how can companies be good citizens? -- Socially responsible investing: investors role in promoting Corporate citizenship -- Corporate citizens at work: an introduction -- Case study 1: Bharat petroleum corporation Ltd. -- Case study 2: HDFC Bank Ltd. -- Case study 3: Hindustan unilever Ltd. -- Case Study 4: Larsen & Toubro Ltd. -- Case study 5: Reliance Industries Ltd. -- Case study 6: Tata group -- Case study 7: tvs motor company Ltd. -- Case study 8: Wipro Ltd. -- Society and local community welfare framework -- Integrating individual social responsibility in a corporate framework: The SAI way -- Uncovering the Corporate Soul: A Roadmap for Affirmative Action. | |
| 520 | _aCorporate debacles, financial and economic crises and environmental disasters in different parts of the globe over the last two decades are seen as indicators for a transformation in business conduct by scholars and practitioners alike. A need for corporate goals to move on from simply maximizing shareholder profit to optimizing stakeholder welfare is being echoed in various quarters. Upon this backdrop, this book shows how Corporate Social Responsibility (CSR) can be a means for global unity and universal welfare and how corporations, as associations of individuals, can identify their collective spirits in terms of environmentally aware, socially responsible and financially rewarding missions and goals. The book examines CSR from an altruistic viewpoint rather than as a strategic tool, where the quality of initiatives and the welfare they create are more important than the simple amount of work done. It traces the evolution of CSR in the Indian and international contexts, yet provides a unique approach to CSR based on Indian traditions, culture and value systems, which are universal in their appeal and timeless in their application. It includes several case studies on CSR and environmental best practices, covering both Indian and international companies that have moulded and influenced the corporate landscape. | ||
| 650 | 0 | _aSocial responsibility of business. | |
| 650 | 0 | _aBusiness ethics. | |
| 650 | 1 | 4 | _aEconomics/Management Science. |
| 650 | 2 | 4 | _aPublic Finance & Economics. |
| 650 | 2 | 4 | _aEmerging Markets/Globalization. |
| 650 | 7 | _aBUSINESS & ECONOMICS / Industrial Management | |
| 650 | 7 | _aBUSINESS & ECONOMICS / Management | |
| 650 | 7 | _aBUSINESS & ECONOMICS / Management Science | |
| 650 | 7 |
_2bisacsh _94 |
|
| 650 | 7 |
_2bisacsh _94 |
|
| 650 | 7 |
_2bisacsh _94 |
|
| 700 | 1 | _aRamamoorthy, V.E., | |
| 700 | 1 | _eauthor. | |
| 830 | 0 | _aIndia studies in business and economics. | |
| 856 | 4 | 2 | _uhttp://www.loc.gov/catdir/enhancements/fy1407/2013942480-d.html |
| 856 | 4 | 1 | _uhttp://www.loc.gov/catdir/enhancements/fy1407/2013942480-t.html |
| 856 | 4 | 2 | _uhttp://www.loc.gov/catdir/enhancements/fy1407/2013942480-b.html |
| 856 | 4 | 2 | _3Publisher description |
| 856 | 4 | 1 | _3Table of contents only |
| 856 | 4 | 2 | _3Contributor biographical information |
| 906 |
_a7 _bcbc _ccopycat _d2 _encip _f20 _gy-gencatlg |
||
| 942 |
_2ddc _cBOOKS |
||
| 999 |
_c44071 _d44071 |
||